MARC

LEADER 00000nam0a2200000 4500
001 60606
005 20231031061654.0
010 |a 5060001040 
035 |a (RuTPU)RU\TPU\book\64092 
090 |a 60606 
100 |a 20040213d1989 m y0rusy50 ca 
101 0 |a rus 
102 |a RU 
105 |a a j 001zy 
200 1 |a Теплофикационные установки и их использование  |e учебное пособие  |f А. И. Андрющенко, Р. З. Аминов, Ю. М. Хлебалин 
210 |a Москва  |c Высшая школа  |d 1989 
215 |a 256 с.  |c ил. 
320 |a Библиогр.: с. 254. 
606 |a Теплоэлектроцентраль  |x ТЭЦ  |2 stltpush  |3 (RuTPU)RU\TPU\subj\59822 
610 1 |a теплопотребление 
610 1 |a теплоснабжение 
610 1 |a котельные 
610 1 |a перспективы 
610 1 |a режимы работы 
610 1 |a энергоустановки 
610 1 |a учебные пособия 
610 1 |a теплофикационные установки 
675 |a 621.311.22:697.34(075.8)  |v 3 
700 1 |a Андрющенко  |b А. И.  |g Анатолий Иванович 
701 1 |a Аминов  |b Р. З.  |g Рашид Зарифович 
701 1 |a Хлебалин  |b Ю. М.  |g Юрий Максимович 
801 1 |a RU  |b 63413507  |c 20040213  |g PSBO 
801 2 |a RU  |b 63413507  |c 20171017  |g PSBO 
900 |a Теплофикация и теплосети 
900 |a Теплоэнергетические системы промышленных предприятий 
942 |c BK 
951 |a 550900  |b 100700